MARC details
| 000 -LEADER |
| fixed length control field |
01502nam a2200289 a 4500 |
| 008 - FIXED-LENGTH DATA ELEMENTS--GENERAL INFORMATION |
| fixed length control field |
110112s2005 ||||||||||||||||| || u |
| 020 ## - INTERNATIONAL STANDARD BOOK NUMBER |
| International Standard Book Number |
9158683186 |
| 050 ## - LIBRARY OF CONGRESS CALL NUMBER |
| Classification number |
HD 2961 Lin |
| 100 ## - MAIN ENTRY--PERSONAL NAME |
| Personal name |
Lindahl, Claes |
| 245 10 - TITLE STATEMENT |
| Title |
Wealth of the poor: eliminating poverty through market and private sector development |
| 260 ## - PUBLICATION, DISTRIBUTION, ETC. |
| Place of publication, distribution, etc. |
Stockholm, Sweden: |
| Name of publisher, distributor, etc. |
Swedish International Development Cooperation Agency |
| Date of publication, distribution, etc. |
2005 |
| 300 ## - PHYSICAL DESCRIPTION |
| Extent |
189p. |
| 350 ## - |
| -- |
0.00 |
| 490 ## - |
| -- |
Sida Studies |
| 500 ## - GENERAL NOTE |
| General note |
Sida studies no. 14 |
| 650 ## - SUBJECT ADDED ENTRY--TOPICAL TERM |
| Topical term or geographic name entry element |
PUBLIC-PRIVATE SECTOR COOPERATION |
| 650 #0 - SUBJECT ADDED ENTRY--TOPICAL TERM |
| Topical term or geographic name entry element |
NON-GOVERNMENTAL ORGANIZATIONS |
| 650 #0 - SUBJECT ADDED ENTRY--TOPICAL TERM |
| Topical term or geographic name entry element |
ECONOMICS |
| 650 #0 - SUBJECT ADDED ENTRY--TOPICAL TERM |
| Topical term or geographic name entry element |
ECONOMIC DEVELOPMENT--AFRICA, SUB-SAHARAN |
| 650 #0 - SUBJECT ADDED ENTRY--TOPICAL TERM |
| Topical term or geographic name entry element |
INTERNATIONAL COOPERATION |
| 650 ## - SUBJECT ADDED ENTRY--TOPICAL TERM |
| Topical term or geographic name entry element |
LABOR MARKET |
| 650 ## - SUBJECT ADDED ENTRY--TOPICAL TERM |
| Topical term or geographic name entry element |
POOR--RESEARCH--DEVELOPING COUNTRIES |
| 995 ## - |
| -- |
ANNEX COLLECTION (Main Library) |
| -- |
0.00 |
| -- |
742397 |
| -- |
CBU-MAIN LIBRARY (Kitwe) |
| -- |
1 |
| -- |
0.00 |
| -- |
HD 2961 Lin |
| -- |
2 |
| -- |
AVAILABLE |
| -- |
Mar 3, 2011 |
| -- |
742397 |
| -- |
Annex Low-Usage Collection |
| 995 ## - |
| -- |
MAIN LIBRARY OPEN ACCESS |
| -- |
0.00 |
| -- |
742399 |
| -- |
CBU-MAIN LIBRARY (Kitwe) |
| -- |
1 |
| -- |
0.00 |
| -- |
HD 2961 Lin |
| -- |
4 |
| -- |
AVAILABLE |
| -- |
Mar 3, 2011 |
| -- |
742399 |
| -- |
Main Library Open Access Collection |
| 995 ## - |
| -- |
ANNEX COLLECTION (Main Library) |
| -- |
0.00 |
| -- |
742398 |
| -- |
CBU-MAIN LIBRARY (Kitwe) |
| -- |
1 |
| -- |
0.00 |
| -- |
HD 2961 Lin |
| -- |
3 |
| -- |
AVAILABLE |
| -- |
Mar 3, 2011 |
| -- |
742398 |
| -- |
Annex Low-Usage Collection |
| 995 ## - |
| -- |
MAIN LIBRARY OPEN ACCESS |
| -- |
0.00 |
| -- |
742396 |
| -- |
CBU-MAIN LIBRARY (Kitwe) |
| -- |
1 |
| -- |
0.00 |
| -- |
HD 2961 Lin |
| -- |
1 |
| -- |
AVAILABLE |
| -- |
Mar 3, 2011 |
| -- |
742396 |
| -- |
Main Library Open Access Collection |
| 999 ## - |
| -- |
83087 |
| -- |
83087 |